000 00682nam a2200265Ia 4500
003 OSt
005 20221006160356.0
006 a|||||r|||| 00| 0
007 ta
008 221006b |||||||| |||| 00| 0 eng d
020 _a0080260632
_c
_37.50
024 _a45,085
037 _cTextual
040 _aEASL
_cEASL
_beng
041 _2eng
_aeng
082 _aS41.N76, M1
100 _aBROWN L.B.
245 0 _aPsychology in contemporary China
260 _aOxford
_bPergamon Press
_c1981
300 _a291p.
_ccm.
490 _v CEL
650 _aPsycology - China
_9673116
942 _hS41.N76, M1
_cTEXL
_2CC
999 _c1113177
_d1113177